000 00269nam a22001097a 4500
082 _a590/SIN
100 _aSingh,H.S.
_981384
245 _aAsiiatic Lion Reviving the Pride of Gir
260 _aNew Delhi
_bPublication Division
_c2019
650 _aZoology
942 _cBK
999 _c65387
_d65387